Statistics for r6 maps

Click here to take the quiz!

General Stats

  • This quiz has been taken 49 times
  • The average score is 7 of 12

Answer Stats

HintAnswer% Correct
2.Oregon
95%
7.Kafe
76%
4.chalet
62%
3.Coast
62%
6.Border
57%
5.Clubhouse
54%
1.House
54%
8.Bank
43%
Most funPlane
43%
HMOutback
41%
10.Kanal
38%
9.Emerald Plains
32%

Score Distribution

Percentile by Number Answered

Percent of People with Each Score

Your Score History

You have not taken this quiz